Countries with the best reading -- 2022 - Statistics

General Stats
  • This quiz has been taken 155 times
    32 since last reset
  • The average score is 16 of 20
Answer Stats
Hint Answer % Correct
North America Canada
92%
Asia Japan
92%
Asia South Korea
92%
Europe United Kingdom
92%
Oceania Australia
88%
Europe Austria
85%
Europe Germany
85%
Europe Ireland
85%
Oceania New Zealand
85%
Europe Sweden
85%
North America United States
85%
Asia Singapore
81%
Europe Switzerland
81%
Europe Denmark
77%
Europe Finland
77%
Europe Italy
77%
Asia Taiwan
77%
Europe Czechia
69%
Europe Poland
69%
Europe Estonia
62%
No matching quizzes found
Score Distribution
Percent of People with Each Score
Percentile by Number Answered
Your Score History
You have not taken this quiz since the last reset